00574nam a2200157 i 450000100060000000300090000600500170001500700030003200800410003510000610007624501510013726000580028830000220034670000270036885200210039591294ES-MaACL20230906180703.0t|050128s1924 fr ||||1| fre d0 aLe Preste de Vauban, Sébastien cMaréchal de France.10aLettres intimes b: (inedites) : adressées au Marquis de Puyzienslse (1699-1705) / cSebastien Le Preste ; introduction de Hyrooise de Loudosle. a[S.l. : bs.n., c1924] (eAbbeville : fJ. Paillart) a140 p. ; c19 cm.1 aLoudosle, Hyrooise de. aES-MaACLjF-4727